MARC details
| 000 -LEADER |
| campo de control de longitud fija |
01668nam a2200421 i 4500 |
| 001 - NÚMERO DE CONTROL |
| campo de control |
197823 |
| 003 - IDENTIFICADOR DE NÚMERO DE CONTROL |
| campo de control |
ES-MaACL |
| 005 - FECHA Y HORA DE LA ÚLTIMA TRANSACCIÓN |
| campo de control |
20251022131426.0 |
| 007 - CAMPO FIJO DE DESCRIPCIÓN FÍSICA--INFORMACIÓN GENERAL |
| campo de control de longitud fija |
ta |
| 008 - DATOS DE LONGITUD FIJA--INFORMACIÓN GENERAL |
| campo de control de longitud fija |
250918s2025 sp a|||| |||| 001 0 spa d |
| 017 ## - NÚMERO DE COPYRIGHT O DE DEPÓSITO LEGAL |
| Número de copyright o de depósito legal |
M 11461-2025 |
| Agencia que asigna |
Oficina Depósito Legal Madrid |
| 020 ## - NÚMERO INTERNACIONAL ESTÁNDAR DEL LIBRO |
| Número Internacional Estándar del Libro |
979-13-990109-4-7 |
| 040 ## - FUENTE DE CATALOGACIÓN |
| Lengua de catalogación |
spa |
| Centro/agencia transcriptor |
ES-MaACL |
| Centro catalogador/agencia de origen |
ES-MaACL |
| Normas de descripción |
rda |
| 080 ## - NÚMERO DE LA CLASIFICACIÓN DECIMAL UNIVERSAL |
| Número de la Clasificación Decimal Universal |
329(460)"19" |
| 080 ## - NÚMERO DE LA CLASIFICACIÓN DECIMAL UNIVERSAL |
| Número de la Clasificación Decimal Universal |
329(430.1)"19" |
| 080 ## - NÚMERO DE LA CLASIFICACIÓN DECIMAL UNIVERSAL |
| Número de la Clasificación Decimal Universal |
327(460:430.1)"19" |
| 080 ## - NÚMERO DE LA CLASIFICACIÓN DECIMAL UNIVERSAL |
| Número de la Clasificación Decimal Universal |
327(430.1:460)"19" |
| 100 ## - ENTRADA PRINCIPAL--NOMBRE DE PERSONA |
| Nombre de persona |
Muñoz Sánchez, Antonio, |
| Fechas asociadas al nombre |
1971- |
| Término indicativo de función/relación |
Autor |
| 9 (RLIN) |
242271 |
| 245 13 - MENCIÓN DEL TÍTULO |
| Título |
El amigo alemán : |
| Resto del título |
el SPD y el PSOE de la dictadura a la democracia : edición revisada y ampliada / |
| Mención de responsabilidad, etc. |
Antonio Muñoz Sánchez ; prólogo de Ángel Viñas |
| 250 ## - MENCION DE EDICION |
| Mención de edición |
Primera edición : septiembre 2025 |
| 264 ## - PRODUCCIÓN, PUBLICACIÓN, DISTRIBUCIÓN, FABRICACIÓN Y COPYRIGHT |
| Producción, publicación, distribución, fabricación y copyright |
[Arroyomolinos, Madrid] : |
| Nombre del de productor, editor, distribuidor, fabricante |
Villa de Indianos, |
| Fecha de producción, publicación, distribución, fabricación o copyright |
2025 |
| 264 ## - PRODUCCIÓN, PUBLICACIÓN, DISTRIBUCIÓN, FABRICACIÓN Y COPYRIGHT |
| Producción, publicación, distribución, fabricación y copyright |
©2025 |
| 300 ## - DESCRIPCIÓN FÍSICA |
| Extensión |
621 páginas, [16] páginas de láminas : |
| Otras características físicas |
ilustraciones, |
| Dimensiones |
22 cm |
| 336 ## - TIPO DE CONTENIDO |
| Fuente |
rdacontent |
| Término de tipo de contenido |
Texto |
| 337 ## - TIPO DE MEDIO |
| Fuente |
rdamedia |
| Nombre/término del tipo de medio |
sin mediación |
| 338 ## - TIPO DE SOPORTE |
| Fuente |
rdacarrier |
| Nombre/término del tipo de soporte |
volumen |
| 490 1# - MENCIÓN DE SERIE |
| Mención de serie |
Villa de Indianos ; |
| Designación de volumen o secuencia |
15 |
| 504 ## - NOTA DE BIBLIOGRAFÍA, ETC. |
| Nota de bibliografía, etc. |
Bibliografía: páginas 589-615. Índices. Fuentes. |
| 610 24 - PUNTO DE ACCESO ADICIONAL DE MATERIA--NOMBRE DE ENTIDAD CORPORATIVA |
| 9 (RLIN) |
6157 |
| Nombre de entidad corporativa o nombre de jurisdicción como elemento de entrada |
Partido Socialista Obrero Español- |
| Subdivisión de forma |
Historia |
| 610 04 - PUNTO DE ACCESO ADICIONAL DE MATERIA--NOMBRE DE ENTIDAD CORPORATIVA |
| 9 (RLIN) |
6882 |
| Nombre de entidad corporativa o nombre de jurisdicción como elemento de entrada |
Sozialdemokratische Partei Deutschlands |
| Subdivisión de forma |
Historia |
| 651 #7 - PUNTO DE ACCESO ADICIONAL DE MATERIA--NOMBRE GEOGRÁFICO |
| 9 (RLIN) |
149657 |
| Nombre geográfico |
España- |
| Subdivisión general |
Relaciones- |
| Subdivisión geográfica |
Alemania |
| 651 #7 - PUNTO DE ACCESO ADICIONAL DE MATERIA--NOMBRE GEOGRÁFICO |
| 9 (RLIN) |
149658 |
| Nombre geográfico |
Alemania- |
| Subdivisión general |
Relaciones- |
| Subdivisión geográfica |
España |
| 852 ## - LOCALIZACIÓN |
| Ubicación |
ES-MaAcl |
| Ubicación en estantería |
Depósito 1 |
| Número de control de estantería |
A-15802 |
| Encuadernación |
Encuadernación rústica con solapas |
| itemnumber |
206801 |
| 942 ## - ELEMENTOS DE ENTRADA SECUNDARIOS (KOHA) |
| Tipo de ítem Koha |
Libro impreso |
| Suprimir en OPAC |
No |